GETS Theological Seminary Library

The Epistle to the Galatians: (Record no. 29240)

MARC details
000 -LEADER
fixed length control field 00535nam a2200169Ia 4500
008 - FIXED-LENGTH DATA ELEMENTS--GENERAL INFORMATION
fixed length control field 200928s9999||||xx |||||||||||||| ||und||
020 ## - INTERNATIONAL STANDARD BOOK NUMBER
International Standard Book Number 0802823874
020 ## - INTERNATIONAL STANDARD BOOK NUMBER
International Standard Book Number 9780802823878
041 ## - LANGUAGE CODE
Language code of text/sound track or separate title eng
050 ## - LIBRARY OF CONGRESS CALL NUMBER
Classification number BS2685.3
Item number .B75 1982
100 ## - MAIN ENTRY--PERSONAL NAME
Personal name Bruce, Frederick Fyvie
245 #4 - TITLE STATEMENT
Title The Epistle to the Galatians:
Remainder of title a commentary on the Greek text /
Statement of responsibility, etc. Frederick Fyvie Bruce
260 ## - PUBLICATION, DISTRIBUTION, ETC.
Place of publication, distribution, etc. Grand Rapids, Mich. :
Name of publisher, distributor, etc. Eerdmans,
Date of publication, distribution, etc. 1982
300 ## - PHYSICAL DESCRIPTION
Extent xx, 305 p.
Other physical details ;
Dimensions 24 cm.
650 ## - SUBJECT ADDED ENTRY--TOPICAL TERM
Topical term or geographic name entry element Bible -- N.T -- Galatians -- Commentaries.
Holdings
Withdrawn status Lost status Damaged status Not for loan Home library Current library Shelving location Date acquired Total Checkouts Full call number Barcode Date last seen Price effective from Koha item type
        GETS Theological Seminary Library GETS Theological Seminary Library General Stacks 09/28/2020   BS2685.3 .B75 1982 00016718 09/28/2020 09/28/2020 English Books
OpacCredits

Contact the Librarian, GETS Library
Email: library@mygets.org









Implemented by GETS Library
(Powered by ETCA Professional Group)
GETS Theological Seminary
412 E. Rowland Street, CA 91723